Engineering mechanics
Volume 2, Dynamics, contains 114 sample problems and 1482 unsolved problems from which a wide choice of assignments can be made. Of these problems, approximately 50 percent are new to the fourth Edition. SI units are used throughout the book.
Guardat en:
| Autor principal: | |
|---|---|
| Format: | Llibre |
| Idioma: | Undetermined |
| Publicat: |
New York
John Wiley
1998
|
| Matèries: | |
| Etiquetes: |
Afegir etiqueta
Sense etiquetes, Sigues el primer a etiquetar aquest registre!
|
| Thư viện lưu trữ: | Trung tâm Học liệu Trường Đại học Cần Thơ |
|---|
| LEADER | 00723nam a2200193Ia 4500 | ||
|---|---|---|---|
| 001 | CTU_27826 | ||
| 008 | 210402s9999 xx 000 0 und d | ||
| 082 | |a 620.1 | ||
| 082 | |b M561 | ||
| 100 | |a Meriam, J. L. | ||
| 245 | 0 | |a Engineering mechanics | |
| 245 | 0 | |c J L Meriam, L G Kraige | |
| 260 | |a New York | ||
| 260 | |b John Wiley | ||
| 260 | |c 1998 | ||
| 520 | |a Volume 2, Dynamics, contains 114 sample problems and 1482 unsolved problems from which a wide choice of assignments can be made. Of these problems, approximately 50 percent are new to the fourth Edition. SI units are used throughout the book. | ||
| 650 | |a Mechanics, applied | ||
| 904 | |i QHieu | ||
| 980 | |a Trung tâm Học liệu Trường Đại học Cần Thơ | ||